| 000 | 00464nam a2200169Ia 4500 | ||
|---|---|---|---|
| 999 |
_c422 _d422 |
||
| 003 | OSt | ||
| 005 | 20210827103347.0 | ||
| 008 | 190216s9999||||xx |||||||||||||| ||und|| | ||
| 040 | _coclc | ||
| 082 |
_a892.73 _bGAF/R |
||
| 100 |
_a Gafoor, Ahamed Abdul _98706 |
||
| 245 | 0 |
_aRe Ghaleat Alshateen / _cAhamed Abdul Gafoor |
|
| 260 | _bHilal Publications, | ||
| 300 | _a92p | ||
| 650 | _aArabic | ||
| 942 |
_cBK _2ddc _h892.73 _iGAF/R _k892.73 _mGAF/R |
||